000 01857nam0a22003251 4500
001 rc\3232531
005 20260429143103.0
021 _aRU
_b[69-118303]
035 _a(NLR Aleph) 007472035
090 _a7426854
_c7426854
100 _a20130115d1969 u y0rusy50 ca
101 0 _arus
102 _aRU
105 _aa z |||||
200 1 _aЭкономическая эффективность производства каблуков и колодок из синтетических материалов
_e[Обзор]
_fГос. план. ком. Совета Министров УССР. Укр. науч.-исслед. ин-т науч.-техн. информации и техн.-экон. исследований. М-во легкой пром-сти УССР
210 _aКиев
_cБ. и.
_d1969
215 _a60 с.
_cчерт.
_d22
300 _aПеред загл. авт.: В.Л. Пегловский, канд. техн. наук, Л.Б. Пейсахзон, канд. экон. наук, В.Ф. Баранов, Н.И. Евтюкова
606 _aОбувные колодки, пластмассовые
_xПроизводство
_xТехнико-экономические показатели
_2psbo
606 _aКаблуки пластмассовые
_xПроизводство
_xТехнико-экономические показатели
_2psbo
701 1 _aПейсахзон
_bЛ. Б.
701 1 _7ca
_8rus
_aБаранов
_bВ. Ф.
_cэкономист, лёгкая пром-сть
_gВалентин Федорович
_92707260
_3RU\NLR\AUTH\770293054
701 1 _aЕвтюкова
_bН. И.
701 1 _aПегловский
_bВ. Л.
_gВиталий Людомирович
801 0 _aRU
_bNLR
_gpsbo
801 1 _aRU
_bELAR
_2rusmarc
852 _aNLR
_j69-6/13637
942 _cBOOK
980 _aNB